Music Quiz

Random Music or Album Quiz

Best Albums of All Time (Different Sources) Quiz Stats

Quiz Updated Oct 13, 2016

Also try: Best Songs (2000s)
Challenge
Share
Tweet
Embed
Score 0/60 Timer 07:00
2 Plays Today
source album % Correct
Rolling StoneThe Beatles [The Beatles]
73.3%
The GuardianThe Beatles [The Beatles]
73.3%
Rolling StoneSgt. Pepper's Lonely Hearts Club Band [The Beatles]
63.8%
NME (2006)Sgt. Pepper's Lonely Hearts Club Band [The Beatles]
63.8%
Acclaimed Music*Sgt. Pepper's Lonely Hearts Club Band [The Beatles]
63.8%
VH1Sgt. Pepper's Lonely Hearts Club Band [The Beatles]
63.8%
VH1Abbey Road [The Beatles]
52.5%
Rolling StoneRevolver [The Beatles]
46.9%
NME (2006)Revolver [The Beatles]
46.9%
Acclaimed Music*Revolver [The Beatles]
46.9%
The GuardianRevolver [The Beatles]
46.9%
VH1Revolver [The Beatles]
46.9%
MojoRevolver [The Beatles]
46.9%
NME (2006)Dark Side of the Moon [Pink Floyd]
43.6%
NME (2006)Nevermind [Nirvana]
42.4%
Acclaimed Music*Nevermind [Nirvana]
42.4%
The GuardianNevermind [Nirvana]
42.4%
VH1Nevermind [Nirvana]
42.4%
Rolling StoneRubber Soul [The Beatles]
37.3%
VH1Rubber Soul [The Beatles]
37.3%
Rolling StonePet Sounds [The Beach Boys]
33.4%
Acclaimed Music*Pet Sounds [The Beach Boys]
33.4%
The GuardianPet Sounds [The Beach Boys]
33.4%
VH1Pet Sounds [The Beach Boys]
33.4%
MojoPet Sounds [The Beach Boys]
33.4%
Rolling StoneExile on Main Street [The Rolling Stones]
29.9%
Acclaimed Music*Exile on Main Street [The Rolling Stones]
29.9%
MojoExile on Main Street [The Rolling Stones]
29.9%
Rolling StoneBlonde on Blonde [Bob Dylan]
27.5%
Acclaimed Music*Blonde on Blonde [Bob Dylan]
27.5%
source album % Correct
VH1Blonde on Blonde [Bob Dylan]
27.5%
MojoBlonde on Blonde [Bob Dylan]
27.5%
Rolling StoneHighway 61 Revisited [Bob Dylan]
25.1%
MojoHighway 61 Revisited [Bob Dylan]
25.1%
NME (2006)OK Computer [Radiohead]
22.2%
Rolling StoneLondon Calling [The Clash]
21.4%
Acclaimed Music*London Calling [The Clash]
21.4%
Rolling StoneWhat's Going On [Marvin Gaye]
17.4%
Acclaimed Music*What's Going On [Marvin Gaye]
17.4%
The GuardianWhat's Going On [Marvin Gaye]
17.4%
VH1What's Going On [Marvin Gaye]
17.4%
MojoWhat's Going On [Marvin Gaye]
17.4%
MojoLet It Bleed [The Rolling Stones]
15.8%
VH1Are You Experienced? [Jimi Hendrix Experience]
15.3%
NME (2006)(What's The Story) Morning Glory? [Oasis]
14.2%
Acclaimed Music*Never Mind the Bollocks - Here's the Sex Pistols [The Sex Pistols]
11%
The GuardianNever Mind the Bollocks - Here's the Sex Pistols [The Sex Pistols]
11%
NME (2006)The Bends [Radiohead]
10.8%
The GuardianThe Rise and Fall of Ziggy Stardust [David Bowie]
10.5%
NME (2006)Definitely Maybe [Oasis]
9.8%
Acclaimed Music*The Velvet Underground & Nico [The Velvet Underground & Nico]
9%
The GuardianThe Velvet Underground & Nico [The Velvet Underground & Nico]
9%
MojoThe Velvet Underground & Nico [The Velvet Underground & Nico]
9%
VH1Songs in the Key of Life [Stevie Wonder]
7.3%
NME (2006)The Stone Roses [The Stone Roses]
6.8%
The GuardianThe Stone Roses [The Stone Roses]
6.8%
NME (2006)The Queen is Dead [The Smiths]
6.6%
The GuardianAstral Weeks [Van Morrison]
6.1%
MojoAstral Weeks [Van Morrison]
6.1%
MojoHorses [Patti Smith]
3.3%

You're not logged in!

Compare scores with friends on all Sporcle quizzes.
Sign Up with Email
OR
Log In

You Might Also Like...

Show Comments

Extras

Top Quizzes Today


Score Distribution

Your Account Isn't Verified!

In order to create a playlist on Sporcle, you need to verify the email address you used during registration. Go to your Sporcle Settings to finish the process.